Statistiques concernant Jojo's Bizarre Adventures

Cliquez ici pour prendre le quiz!

Statistiques générales

  • Ce quiz a été pris 2 011 fois
  • Le résultat moyen est 12 sur 15

Statistiques - réponses

HintRéponse% Correct
IIIJotaro
96%
IIJoseph
94%
VGiorno
93%
IJonathan
93%
IV&VIIIJosuke
93%
VIJolyne
90%
VIIJohnny
78%
VGolden Wind
71%
IPhantom Blood
70%
VIStone Ocean
70%
IIIStardust Crusaders
69%
IVDiamond is unbreakable
68%
VIISteel Ball Run
67%
VIIIJojolion
66%
IIBattle Tendency
62%

Distribution des résultats

Percentile par nombre de réponses

% des personnes avec chaque résultat

Votre développement - résultats

Vous n’avez pas pris ce quiz